[Event "Moscow6"]
[Site "Moscow"]
[Date "1991.??.??"]
[Round "?"]
[White "Kaganski, Mihail"]
[Black "Petrushin, Alexander I"]
[Result "0-1"]
[WhiteElo "2275"]
[BlackElo "2360"]

1.Nf3 Nf6 2.d4 g6 3.c4 Bg7 4.Nc3 d6 5.e4 O-O 6.Be2 e5 7.dxe5 dxe5 8.Qxd8 Rxd8
9.Bg5 Re8 10.Nd5 Nxd5 11.cxd5 c6 12.Bc4 b5 13.Bb3 Bb7 14.O-O-O c5 15.Be3 Nd7
16.Nd2 Rec8 17.Kb1 c4 18.Bc2 Bf8 19.Rc1 Nc5 20.Rhf1 Ba6 21.f4 b4 22.fxe5 c3
23.Nf3 Nd3 24.b3 Nxc1 25.Rxc1 Bg7 26.Bd4 Bb5 27.Re1 a5 28.Bf2 a4 29.Nd4 axb3
30.axb3 Be8 31.Bg3 Ra3 32.Kc1 Ra2 33.Kd1 Rca8 34.Ke2 Rb2 35.Kd3 Raa2 36.Re2 Bh6
37.Rf2 Bd2 38.e6 fxe6 39.Nxe6 Bb5+ 40.Kd4 Bh6 41.Bf4 Rxc2 42.Rxc2 Rxc2 43.Bxh6 Rxg2
44.Kc5 Bd7 45.Kd6 Bc8 46.Nc5 Rxh2 47.Bf4 Rf2 48.Bh6 Rf3 49.e5 c2 50.e6 Rh3
51.Bc1 Rh1 52.Nd3 Rd1 53.e7 Kf7 54.Ne5+ Ke8 55.Bg5 c1=Q 56.Bxc1 Rxc1 57.Nd3 Rc3
58.Nxb4 Rxb3 59.Nc6 Bb7  0-1

[Event "Moscow4"]
[Site "Moscow"]
[Date "1991.??.??"]
[Round "?"]
[White "Naumkin, Igor"]
[Black "Zlotnikov, Mikhail"]
[Result "1/2-1/2"]
[WhiteElo "2505"]
[BlackElo "2330"]

1.d4 Nf6 2.c4 g6 3.Nc3 Bg7 4.e4 d6 5.Nf3 O-O 6.Be2 Nbd7 7.O-O e5 8.Be3 c6
9.d5 c5 10.Ne1 Ne8 11.Qd2 f5 12.exf5 gxf5 13.f4 Nef6 14.h3 Qe7 15.fxe5 Nxe5
16.Nf3 Ne4 17.Nxe4 fxe4 18.Bg5 Nxf3+ 19.Rxf3 Qe5 20.Rxf8+ Kxf8 21.Qf4+ Kg8
22.Rf1 Qxf4 23.Bxf4 Bxb2 24.Bxd6 Bd4+ 25.Kh2 Bd7 26.Bh5 b6 27.Rf7 Ba4 28.Re7 Bc2
29.Bg4 Bd3 30.Be6+ Kh8 31.Bf5 Bxc4 32.Bxe4 h6 33.Bc7 Bf6 34.Rh7+ Kg8 35.Rxh6 Re8
36.Rxf6 Rxe4 37.d6 Bb5 38.Rf2 Rd4 39.g4 c4 40.Kg3 c3 41.d7 Rxd7 42.Be5 Rd3+
43.Rf3 c2 44.Bf4 Rxf3+  1/2-1/2

[Event "Moscow5"]
[Site "Moscow"]
[Date "1991.??.??"]
[Round "?"]
[White "Shirov, Alexei"]
[Black "Szekely, Peter"]
[Result "1/2-1/2"]
[WhiteElo "2610"]
[BlackElo "2450"]

1.d4 Nf6 2.c4 g6 3.Nc3 Bg7 4.e4 d6 5.Be2 O-O 6.Nf3 e5 7.O-O Na6 8.Re1 c6
9.d5 Nc5 10.Nd2 a5 11.b3 Bh6 12.Bf1 Bd7 13.Ba3 Qc7 14.dxc6 bxc6 15.Nf3 Rfe8
16.Bxc5 dxc5 17.Na4  1/2-1/2

[Event "Moscow5"]
[Site "Moscow"]
[Date "1991.??.??"]
[Round "?"]
[White "Shirov, Alexei"]
[Black "Glek, Igor V"]
[Result "0-1"]
[WhiteElo "2610"]
[BlackElo "2530"]

1.d4 Nf6 2.Nf3 g6 3.c4 Bg7 4.Nc3 O-O 5.e4 d6 6.Be2 e5 7.O-O Na6 8.Be3 Ng4
9.Bg5 Qe8 10.h3 h6 11.Bc1 Nf6 12.dxe5 dxe5 13.Be3 Nh5 14.c5 Nf4 15.Bb5 Qe6
16.Qa4 Nxg2 17.Kxg2 Qxh3+ 18.Kg1 Qg4+ 19.Kh2 Qxf3 20.Rh1 c6 21.Be2 Qf6 22.Bxa6 bxa6
23.Rad1 Rb8 24.b3 Bg4 25.Rd6 Qh4+ 26.Kg1 Bh3 27.Rh2 Qg4+ 28.Kh1 Rfd8 29.Qxc6 Bf8
30.Rd5 Qf3+ 31.Kg1 Rbc8 32.Rxh3 Qxh3 33.Qf6 Re8 34.Qxa6 Bxc5 35.Bxc5 Qxc3
36.Be3 Qe1+ 37.Qf1 Qxf1+ 38.Kxf1 Kg7 39.Bxa7 Rc1+ 40.Kg2 Ra8 41.Rd7 Re1 42.Kf3 h5
43.Rb7 Rg1 44.Bb8 Rxb8  0-1

[Event "Moscow4"]
[Site "Moscow"]
[Date "1991.??.??"]
[Round "?"]
[White "Vaganian, Rafael A"]
[Black "Umanskaya, Irina"]
[Result "1-0"]
[WhiteElo "2585"]
[BlackElo "2235"]

1.Nf3 Nf6 2.c4 g6 3.Nc3 Bg7 4.e4 d6 5.d4 O-O 6.Be2 e5 7.Be3 Ng4 8.Bg5 f6
9.Bc1 Nc6 10.h3 exd4 11.Nxd4 Nge5 12.Nxc6 bxc6 13.f4 Nd7 14.f5 Rf7 15.O-O Qf8
16.c5 Ne5 17.Bf4 gxf5 18.Qa4 Kh8 19.Rad1 dxc5 20.Bxe5 fxe5 21.Qxc6 Rb8 22.Bc4 Bb7
23.Qa4 Rf6 24.exf5 Bxg2 25.Kxg2 Rb4 26.Qxa7 Rxc4 27.Qxc7 Rxf5 28.Rxf5 Qxf5
29.Rd8+ Bf8 30.Qc8 Qxc8 31.Rxc8 Kg7 32.Rb8 Rb4 33.Rb5 Rxb5 34.Nxb5 c4 35.Kf3 Kf6
36.Ke4 Ke6 37.Nc7+ Kd6 38.Nd5 Bh6 39.Ne3 Kc5 40.h4 Kb4 41.h5 Kc5 42.Nd1 Bf4
43.Ne3 Kb5 44.Nd5 Bc1 45.b3 cxb3 46.axb3 Bb2 47.Nf6 h6 48.Ng4 Kb4 49.Nxh6 Kxb3
50.Ng4 Ba3 51.h6 Bf8 52.h7 Bg7 53.Nxe5 Kc3 54.Kd5 Kd2 55.Ng4 Kd3 56.Ke6 Ke4
57.Nf6+ Kd4 58.Nh5 Bh8 59.Ng3 Ke3 60.Kf7  1-0

[Event "Russian Winter op"]
[Site "Moscow"]
[Date "1991.??.??"]
[Round "?"]
[White "Purgin, Nikolaj"]
[Black "Suchorukow, Andrei"]
[Result "1-0"]
[WhiteElo "2340"]
[BlackElo "2270"]

1.d4 Nf6 2.c4 g6 3.Nc3 Bg7 4.e4 d6 5.Nf3 O-O 6.Be2 e5 7.Be3 Nc6 8.O-O h6
9.h3 Re8 10.dxe5 Nxe5 11.Nd4 Nc6 12.Nxc6 bxc6 13.Qc2 Qe7 14.Bd3 c5 15.Rae1 Bb7
16.Bd2 Nh5 17.Nd5 Bxd5 18.cxd5 Rab8 19.b3 Qh4 20.e5 Rxe5 21.Rxe5 Bxe5 22.Re1 Nf4
23.g3 Nxh3+ 24.Kg2 Qf6 25.Kxh3 Qxf2 26.Re3 f5 27.Qd1 g5 28.Qe2 g4+ 29.Kh4 Qg1
30.Bxf5 Qh1+ 31.Kxg4 Rf8 32.Rxe5 dxe5 33.Be3 h5+ 34.Kg5 Qc1 35.Kg6  1-0

[Event "Moscow7 op"]
[Site "Moscow"]
[Date "1991.??.??"]
[Round "?"]
[White "Minogina, Tanam"]
[Black "Murrey, Jacob"]
[Result "0-1"]
[WhiteElo "2200"]
[BlackElo "2450"]

1.d4 Nf6 2.c4 g6 3.Nc3 Bg7 4.e4 d6 5.Be2 O-O 6.Nf3 e5 7.d5 Nh5 8.O-O Nf4
9.Re1 Nxe2+ 10.Qxe2 h6 11.Nd2 Nd7 12.Nf1 a6 13.Be3 f5 14.exf5 gxf5 15.f4 Qh4
16.g3 Qh3 17.Rac1 Nf6 18.Nd1 Bd7 19.Nf2 Qh5 20.Qxh5 Nxh5 21.c5 Bb5 22.b3 Rae8
23.a4 exf4 24.gxf4 Bxf1 25.Kxf1 Nf6 26.Rcd1 Kf7 27.cxd6 cxd6 28.Bc1 Rxe1+
29.Kxe1 Rc8 30.Ba3 Ke7 31.Rd3 Kd7 32.Bb2 Rc2 33.Rd2 Rc5 34.Bd4 Rc8 35.Ke2 Nh5
36.Bxg7 Nxg7 37.Nd1 Nh5 38.Kf3 Nf6 39.Rd3 Rc2 40.Ne3 Rxh2 41.Nxf5 Rh3+ 42.Ke2 Rh5
43.Ne3 Rh2+ 44.Kf3 h5 45.Kg3 Rh1 46.Rd4 Rc1 47.Kh4 Rc3 48.Nf5 Rxb3 49.Kg5 Ne8
50.Kxh5 a5 51.Kg6 Nc7 52.Kf7 Rb4 53.Rxb4 axb4 54.Nd4 Nxd5 55.f5 Ne7 56.f6 Nc6
57.Nxc6 b3 58.Nb8+ Kc7 59.Kg7 b2 60.f7 b1=Q 61.f8=Q Qa1+ 62.Kg6 Qxa4 63.Kg5 Qe4
64.Kh5 d5 65.Kg5 d4 66.Na6+ bxa6 67.Qc5+ Kd7 68.Qa7+ Kd6 69.Qxa6+ Kc5 70.Qa4 Qc6
71.Qa3+ Kc4 72.Qc1+ Kd5 73.Qh1+ Kd6 74.Qh2+ Kc5 75.Qc2+ Kb6 76.Qf2 Qe4 77.Qb2+ Kc5
78.Qa3+ Kc4 79.Qc1+ Kb3 80.Qd1+ Kc3 81.Qc1+  0-1

[Event "Muenster op"]
[Site "Muenster"]
[Date "1991.??.??"]
[Round "4"]
[White "Pogorelov, Ruslan"]
[Black "Kupreichik, Viktor D"]
[Result "0-1"]
[WhiteElo "2375"]
[BlackElo "2460"]

1.Nf3 d6 2.d4 Nf6 3.c4 g6 4.Nc3 Bg7 5.e4 O-O 6.Be2 e5 7.d5 a5 8.Be3 Ng4 9.Bg5 f6
10.Bh4 Qe8 11.Nd2 f5 12.exf5 gxf5 13.Bxg4 fxg4 14.Nde4 Bf5 15.O-O Nd7 16.f3 Qg6
17.Qe2 Nc5 18.Kh1 Rf7 19.Nxc5 dxc5 20.Ne4 b6 21.Rfe1 Raf8 22.Bg3 h5 23.Nf2 Re8
24.fxg4 hxg4 25.Ne4 Ref8 26.Kg1 Bxe4  0-1

[Event "New York op"]
[Site "New York"]
[Date "1991.??.??"]
[Round "4"]
[White "Epishin, Vladimir"]
[Black "Fishbein, Alexander"]
[Result "0-1"]
[WhiteElo "2620"]
[BlackElo "2465"]

1.d4 Nf6 2.c4 g6 3.Nc3 Bg7 4.e4 d6 5.Nf3 O-O 6.Be2 e5 7.Be3 c6 8.O-O exd4
9.Nxd4 Re8 10.f3 d5 11.cxd5 Nxd5 12.Nxd5 cxd5 13.Qb3 Bxd4 14.Bxd4 Nc6 15.Rad1 Nxd4
16.Rxd4 Qf6 17.Rd2 Qf4 18.Qc3 dxe4 19.Rd4 Qg5 20.Bc4 Be6 21.Bxe6 Rxe6 22.Rxe4 Rxe4
23.fxe4 Qe7 24.Qd4 b6 25.Qf6 Qxf6 26.Rxf6 Rd8 27.b3 Kg7 28.Rf2 Rd1+ 29.Rf1 Rd4
30.Rc1 Rxe4 31.Rc7 a5 32.Kf2 Kf6 33.Kf3 Re7 34.Rc6+ Re6 35.Rc7 Rd6 36.Ke3 Ke6
37.a4 h6 38.g4 g5 39.Ke4 Kf6 40.h3 Kg6 41.Ke3 f6 42.Rc1 h5 43.b4 axb4 44.Rc4 Rd1
45.Rxb4 Rh1 46.gxh5+ Kxh5 47.Rxb6 Rxh3+ 48.Ke4 Rh4+ 49.Kf3 f5 50.Rb5 f4 51.Rb1 Rh3+
52.Ke4 Kg4 53.Re1 Ra3 54.Rg1+ Kh4 55.Rh1+ Kg3 56.Rg1+ Kf2 57.Rxg5 Rxa4+ 58.Kd3 f3
59.Rg8 Ra3+ 60.Kd2 Ra7 61.Rd8 Re7 62.Rd6 Kf1 63.Rd8 f2 64.Ra8 Rg7  0-1

[Event "New York op"]
[Site "New York"]
[Date "1991.??.??"]
[Round "6"]
[White "Olafsson, Helgi"]
[Black "Remlinger, Larry"]
[Result "1/2-1/2"]
[WhiteElo "2590"]
[BlackElo "2365"]

1.d4 Nf6 2.c4 g6 3.Nc3 Bg7 4.e4 d6 5.Be2 O-O 6.Nf3 e5 7.dxe5 dxe5 8.Qxd8 Rxd8
9.Bg5 c6 10.Nxe5 Re8 11.O-O-O Na6 12.Rd6 Nxe4 13.Nxe4 Bxe5 14.Nf6+ Bxf6 15.Bxf6 Nc5
16.Bf3 Bf5 17.Rhd1 Ne4 18.Bxe4 Rxe4 19.b3 h6 20.f3 Re6 21.Rd8+ Re8 22.Rxa8 Rxa8
23.g4 Be6 24.h4 b5 25.cxb5 cxb5 26.Rd6 a5 27.Rb6 Bd7 28.Rd6 Be6 29.Kd2 a4
30.Kc3 b4+ 31.Kb2 axb3 32.axb3 Rb8 33.Be5 Re8 34.Bf6 Rb8 35.Rd4 Kf8 36.Be5 Rb5
37.Bd6+ Ke8 38.Bxb4 Rd5 39.Rf4 Rd3 40.Bc3 Bd5  1/2-1/2

[Event "New York op"]
[Site "New York"]
[Date "1991.??.??"]
[Round "6"]
[White "Olafsson, Helgi"]
[Black "Remlinger, Larry"]
[Result "1/2-1/2"]
[WhiteElo "2590"]
[BlackElo "2365"]

1.d4 Nf6 2.c4 g6 3.Nc3 Bg7 4.e4 d6 5.Be2 O-O 6.Nf3 e5 7.dxe5 dxe5 8.Qxd8 Rxd8
9.Bg5 c6 10.Nxe5 Re8 11.O-O-O Na6 12.Rd6 Nxe4 13.Nxe4 Bxe5 14.Nf6+ Bxf6 15.Bxf6 Nc5
16.Bf3 Bf5 17.Rhd1 Ne4 18.Bxe4 Rxe4 19.b3 h6 20.f3 Re6 21.Rd8+ Re8 22.Rxa8 Rxa8
23.g4 Be6 24.h4 b5 25.cxb5 cxb5 26.Rd6 a5 27.Rb6 Bd7 28.Rd6 Be6 29.Kd2 a4  1/2-1/2

[Event "Oberwart op"]
[Site "Oberwart"]
[Date "1991.??.??"]
[Round "?"]
[White "Nikolic, Goran"]
[Black "Schumi, Manfred"]
[Result "1/2-1/2"]
[WhiteElo "2365"]
[BlackElo "2245"]

1.d4 Nf6 2.c4 g6 3.Nc3 Bg7 4.e4 d6 5.Nf3 O-O 6.Be2 e5 7.Be3 Na6 8.O-O Ng4
9.Bg5 f6 10.Bc1 Nh6 11.h3 Nf7 12.a3 c6 13.Be3 f5 14.dxe5 dxe5 15.Qxd8 Rxd8
16.Rad1 Rxd1 17.Rxd1 f4 18.Bc1 Be6 19.b4 Nc7 20.Bb2 Kf8 21.a4 b6 22.b5 cxb5
23.axb5 Ke8 24.Na4 Rd8 25.Rc1 Bd7 26.Nc3 a6 27.bxa6 Nxa6 28.Nd5 Rb8 29.Rb1 b5
30.cxb5 Bxb5 31.Bxe5 Nxe5 32.Rxb5 Nxf3+ 33.gxf3 Be5 34.Nb4 Nxb4 35.Rxe5+ Kf8
36.Rc5 Rb7 37.Kg2 Ra7 38.Rc4 Ra2 39.Rxb4 Rxe2 40.Rb7 Kg8 41.h4 h5 42.Rb5 Re1
43.Rb7 Kf8 44.Rb5 Kf7 45.Rg5 Kf6 46.Kh2 Rf1 47.Kg2 Re1 48.Rc5 Ke6  1/2-1/2

[Event "Scandic Cup"]
[Site "Odense"]
[Date "1991.??.??"]
[Round "4"]
[White "Pekarek, Ales"]
[Black "Schandorff, Lars"]
[Result "0-1"]
[WhiteElo "2475"]
[BlackElo "2425"]

1.d4 Nf6 2.c4 g6 3.Nc3 Bg7 4.e4 d6 5.Be2 O-O 6.Nf3 e5 7.O-O Na6 8.d5 Qe8
9.Nh4 Kh8 10.Bd2 Nc5 11.Qc2 a5 12.Rae1 Qe7 13.g3 Bh3 14.Ng2 Nfd7 15.Bd1 f5
16.f3 f4 17.Rf2 g5 18.b3 Nf6 19.a3 Nh5 20.b4 axb4 21.axb4 Nd7 22.g4 Nhf6
23.Nb5 Rfc8 24.Be2 h5 25.gxh5 Nxh5 26.Rc1 Bf8 27.Qd1 Qh7 28.Bc3 Nhf6 29.Ra1 Rxa1
30.Qxa1 c6 31.dxc6 bxc6 32.Na3 Ra8 33.Bf1 Be7 34.Ra2 g4 35.fxg4 Qxe4 36.g5 Ng4
37.Qe1 Qxe1 38.Nxe1 Bxf1 39.Kxf1 Ne3+ 40.Ke2 Nxc4 41.Nec2 Bxg5 42.Ra1 Ncb6
43.Kf3 Kg7 44.Rg1 Kf6 45.Be1 Kf5 46.Ke2 Rh8 47.Rh1 Rh3 48.Nb1 Nc4 49.Nc3 Nf6
50.b5 cxb5 51.Nxb5 d5 52.Bf2 Ng4 53.Bc5 Nb2 54.Ne1 Rxh2+ 55.Rxh2 Nxh2 56.Bg1 Ng4
57.Nc7 Nf6 58.Nf3 Nc4 59.Bc5 e4 60.Nd4+ Kg4  0-1

[Event "Scandic Cup"]
[Site "Odense"]
[Date "1991.??.??"]
[Round "6"]
[White "Pedersen, Steffen"]
[Black "Burgess, Graham"]
[Result "1/2-1/2"]
[WhiteElo "2200"]
[BlackElo "2300"]

1.d4 Nf6 2.c4 g6 3.Nc3 Bg7 4.e4 d6 5.Be2 O-O 6.Nf3 e5 7.O-O exd4 8.Nxd4 Re8
9.f3 c6 10.Be3 d5 11.cxd5 Nxd5 12.Nxd5 cxd5 13.Qb3 Nc6 14.Rad1 Nxd4 15.Bxd4 Bxd4+
16.Rxd4 Qf6 17.Qxd5 Be6 18.e5 Bxd5 19.exf6 Rxe2 20.Rxd5 Rxb2 21.Rfd1 h6 22.h4 Rb6
23.Rd6 Rc8 24.g4 g5 25.Rxb6 axb6 26.hxg5 hxg5 27.Rb1 Kh7 28.Rxb6 Rc1+ 29.Kf2  1/2-1/2

[Event "Oostende op"]
[Site "Oostende"]
[Date "1991.??.??"]
[Round "2"]
[White "Naumkin, Igor"]
[Black "Maxion, Dirk"]
[Result "1/2-1/2"]
[WhiteElo "2490"]
[BlackElo "2275"]

1.d4 Nf6 2.c4 g6 3.Nc3 Bg7 4.e4 d6 5.Nf3 O-O 6.Be2 e5 7.d5 a5 8.Bg5 h6 9.Bh4 Na6
10.Nd2 Qe8 11.O-O Nh7 12.a3 Bd7 13.b3 h5 14.f3 Bh6 15.Kh1 Be3 16.Rb1 Bc5
17.Qc1 Kh8 18.Na2 f5 19.b4 axb4 20.axb4 Be3 21.Nc3 g5 22.Be1 g4 23.exf5 Bxf5
24.Rb3 Qg6 25.Nd1 Bd4 26.fxg4 hxg4 27.Ne3 Bxe3 28.Rxe3 Nxb4 29.Rb3 c5 30.dxc6 Nxc6
31.Rxb7 Nd4 32.Bd1 Bd3 33.Rxf8+ Rxf8 34.Qb2 Bxc4 35.Rb8 Bg8 36.Rxf8 Nxf8
37.Nf1 Qd3 38.Qf2 Qxd1 39.Qxf8 Qxe1  1/2-1/2

[Event "Oostende op"]
[Site "Oostende"]
[Date "1991.??.??"]
[Round "8"]
[White "Timoshchenko, Gennadi A"]
[Black "McNab, Colin Anderson"]
[Result "1/2-1/2"]
[WhiteElo "2505"]
[BlackElo "2425"]

1.d4 d6 2.Nf3 g6 3.c4 Nd7 4.Nc3 e5 5.e4 Bg7 6.Be2 Ngf6 7.O-O O-O 8.Be3 a5
9.dxe5 dxe5 10.Qc2 c6 11.Na4 Qe7 12.c5 Ne8 13.Nb6 Nxb6 14.cxb6 Nd6 15.Bc5 Rd8
16.Rfd1 Bg4 17.Rd3 Bxf3 18.Bxf3 Qf6 19.a4 Ne8 20.Rxd8 Qxd8 21.Rd1 Qc8 22.Be2 Nf6
23.Bd6 Ne8 24.Qc5 Qe6 25.Bc4 Qd7 26.Rd3 Nxd6 27.Qxd6 Qxd6 28.Rxd6 Bf8 29.Rd7 Rb8
30.Rxf7 Kh8 31.g3 Bc5 32.Kg2 Bxb6 33.f4 Bd4 34.b3 b5 35.axb5 cxb5 36.Bd5 a4
37.bxa4 bxa4 38.fxe5 Bxe5 39.Ra7 Rb2+ 40.Kh3 h5 41.Bf7 Bd4 42.Rxa4 Bg1 43.Ra2 Rxa2
44.Bxa2 Bd4  1/2-1/2

[Event "Oviedo rapid"]
[Site "Oviedo"]
[Date "1991.??.??"]
[Round "3"]
[White "Illescas Cordoba, Miguel"]
[Black "Miguel, Victor"]
[Result "1-0"]
[WhiteElo "2545"]
[BlackElo "2300"]

1.Nf3 Nf6 2.c4 g6 3.Nc3 Bg7 4.e4 d6 5.d4 O-O 6.Be2 e5 7.Be3 Na6 8.O-O Ng4
9.Bg5 Qe8 10.dxe5 Nxe5 11.Nd4 Nc6 12.Ndb5 f5 13.exf5 Bxf5 14.Qd2 Qd7 15.Nd5 Kh8
16.Rae1 Rae8 17.b3 Ne5 18.f4 Nc6 19.Bd1 Be4 20.h3 Bxd5 21.cxd5 Ne7 22.Nd4 Nxd5
23.Bg4 Qf7 24.Be6 Rxe6 25.Nxe6 c6 26.Nxg7 Qxg7 27.f5 gxf5 28.Bh6 Qf6 29.Bxf8 Qxf8
30.Qg5 f4 31.Re4 h6 32.Qg6 Nac7 33.Rfe1 Ne3 34.R4xe3 fxe3 35.Rxe3 Qf4 36.Rf3 Qd4+
37.Kh2 Qe5+ 38.Rg3  1-0

[Event "Oviedo rapid"]
[Site "Oviedo"]
[Date "1991.??.??"]
[Round "7"]
[White "Bellon Lopez, Juan Manuel"]
[Black "Nunez Vallina, Jose Antonio"]
[Result "1/2-1/2"]
[WhiteElo "2495"]
[BlackElo "2380"]

1.d4 d6 2.c4 g6 3.Nc3 Bg7 4.e4 Nf6 5.Nf3 O-O 6.Be2 e5 7.dxe5 dxe5 8.Qxd8 Rxd8
9.Bg5 Nbd7 10.O-O-O Rf8 11.Nd2 c6 12.f3 Re8 13.Be3 Bf8 14.Nb3 Nh5 15.g3 Ng7
16.Rd2 Ne6 17.Na4 c5 18.Nc3 Nb6 19.Nd5 Nxd5 20.cxd5 Nd4 21.Kb1 Bd7 22.Rc1 b6
23.g4 Bd6 24.h4 Kg7 25.h5 f6 26.Rh1 g5 27.Bg1 a5 28.Nxd4 cxd4 29.Bf2 Rec8
30.Rc1 Rxc1+ 31.Kxc1 Kf7 32.Rc2 Ke7 33.Be1 Rc8 34.Rxc8 Bxc8 35.Bb5 h6 36.Kc2 Bd7
37.Ba6 Ba4+ 38.b3 Bd7 39.a4 Kd8 40.Kd3 Kc7 41.Kc4 Be8 42.Bb5 Bxb5+ 43.Kxb5 Kb7
44.Bd2 Be7  1/2-1/2

[Event "Palma de Mallorca op"]
[Site "Palma de Mallorca"]
[Date "1991.??.??"]
[Round "?"]
[White "Zlotnik, Boris A"]
[Black "Roa Alonso, Santiago"]
[Result "1-0"]
[WhiteElo "2460"]
[BlackElo "2255"]

1.d4 Nf6 2.c4 g6 3.Nc3 Bg7 4.e4 d6 5.Nf3 O-O 6.Be2 e5 7.d5 Nbd7 8.O-O Nc5
9.Qc2 a5 10.Bg5 h6 11.Be3 Qe7 12.Nd2 Bd7 13.b3 Ne8 14.Rab1 f5 15.exf5 Bxf5
16.Nde4 Nxe4 17.Nxe4 Nf6 18.f3 b6 19.Bd3 Nxe4 20.Bxe4 Qh4 21.g4 Bxe4 22.Qxe4 Qh3
23.Rb2 Kh7 24.Rg2 Rae8 25.Rg3 Qh4 26.Kg2 Qd8 27.Re1 Bf6 28.g5 hxg5 29.h4 Qd7
30.hxg5 Bd8 31.Rh1+ Kg7 32.Rgh3 Rh8 33.Rxh8 Rxh8 34.Rxh8 Kxh8 35.Qxg6 Qh7
36.Qe6 Qg7 37.Qc8 Qg8 38.Kg3 Kh7 39.Kg4 Kg6 40.f4  1-0

[Event "Palma de Mallorca op"]
[Site "Palma de Mallorca"]
[Date "1991.??.??"]
[Round "?"]
[White "Bellon Lopez, Juan Manuel"]
[Black "Reyes, Juan"]
[Result "1-0"]
[WhiteElo "2495"]
[BlackElo "2415"]

1.d4 Nf6 2.c4 g6 3.Nc3 Bg7 4.e4 d6 5.Nf3 O-O 6.Be2 Nbd7 7.O-O e5 8.Qc2 c6
9.d5 a5 10.Bg5 Nc5 11.Rad1 Qc7 12.Rfe1 Ne8 13.Be3 Na6 14.Na4 c5 15.Qb3 Nb8
16.Nd2 Nd7 17.Nb1 Qd8 18.Na3 Ra6 19.Bd2 Qh4 20.Bf1 f5 21.exf5 gxf5 22.g3 Qh5
23.Be2 Qg6 24.Nb5 e4 25.f4 exf3 26.Bxf3 Be5 27.Qc2 h5 28.Kh1 Ndf6 29.Nxc5 Ng4
30.Nd3 f4 31.Bxf4 Bxf4 32.gxf4 Bf5 33.Re2 Ng7 34.Nd4 Bxd3 35.Qxd3 Qxd3 36.Rxd3 Rxf4
37.Bxg4 Rxg4 38.Rg2 Rxg2 39.Kxg2 Ra8 40.Rg3 Kf7 41.Rb3  1-0

[Event "CSR-chJ"]
[Site "Pardubice"]
[Date "1991.??.??"]
[Round "?"]
[White "Dudas, Jan"]
[Black "Lipka, Juraj"]
[Result "0-1"]
[WhiteElo "2290"]
[BlackElo "2310"]

1.d4 Nf6 2.c4 g6 3.Nc3 Bg7 4.e4 d6 5.Be2 O-O 6.Nf3 e5 7.d5 a5 8.Bg5 h6 9.Bh4 Na6
10.Nd2 h5 11.f3 Bh6 12.O-O Be3+ 13.Kh1 g5 14.Be1 h4 15.a3 Bd7 16.Rb1 Nh5
17.Bf2 Ng3+ 18.hxg3 Bxf2 19.g4 Be3 20.b4 axb4 21.axb4 Qf6 22.Bd3 Kg7 23.Ne2 Rh8
24.Kh2 Rh7 25.Kh3 Rhh8 26.Qe1 Ra7 27.Nb3 Rha8 28.c5 dxc5 29.Bxa6 Rxa6 30.Nxc5 Bb5
31.Nxa6 Rxa6 32.Nc3 Bxf1 33.Qxe3 Bc4 34.b5 Ra3 35.Qc1 Bf1 36.Qe3 Rxc3  0-1

[Event "Paris-ch"]
[Site "Paris"]
[Date "1991.??.??"]
[Round "2"]
[White "Giaccomazzi, Dominique"]
[Black "Bernard, Christophe"]
[Result "0-1"]
[WhiteElo "2230"]
[BlackElo "2310"]

1.d4 Nf6 2.c4 g6 3.Nc3 Bg7 4.e4 d6 5.Be2 O-O 6.Nf3 e5 7.O-O Na6 8.Bg5 h6
9.Bh4 Qe8 10.dxe5 dxe5 11.a3 Nc5 12.Qc2 c6 13.Rfd1 Bg4 14.h3 Bxf3 15.Bxf3 h5
16.Ne2 Ne6 17.Bxf6 Bxf6 18.g4 Ng5 19.Kg2 Qe6 20.Ng1 Nxf3 21.Kxf3 Bh4 22.gxh5 f5
23.Rf1 fxe4+ 24.Kg2 Rf4 25.Ne2 Raf8 26.Nxf4 Rxf4 27.Rae1 Rf3 28.Qxe4 Qxh3+
29.Kg1 Rf5 30.f4 Bxe1  0-1

[Event "Paris-ch"]
[Site "Paris"]
[Date "1991.??.??"]
[Round "4"]
[White "Hartereau, Philippe"]
[Black "Caminade, Christian"]
[Result "1/2-1/2"]
[WhiteElo "2170"]
[BlackElo "2180"]

1.Nf3 Nf6 2.c4 g6 3.Nc3 Bg7 4.e4 d6 5.d4 O-O 6.Be2 e5 7.d5 a5 8.h4 h5 9.Nd2 Bh6
10.f3 Kg7 11.Nf1 Bxc1 12.Qxc1 Na6 13.Ne3 Nc5 14.Qd2 Bd7 15.O-O-O Rh8 16.Bd3 Qe7
17.Rdg1 Rag8 18.g3 Kf8 19.Nc2 b6  1/2-1/2

[Event "Paris-ch"]
[Site "Paris"]
[Date "1991.??.??"]
[Round "8"]
[White "Giaccomazzi, Dominique"]
[Black "Chevallier, Didier"]
[Result "1/2-1/2"]
[WhiteElo "2230"]
[BlackElo "2260"]

1.d4 Nf6 2.c4 g6 3.Nc3 Bg7 4.e4 d6 5.Be2 O-O 6.Nf3 e5 7.O-O exd4 8.Nxd4 Re8
9.f3 Nh5 10.g4 c5 11.Nc2 Be5 12.Qe1 Nf4 13.Nd5 g5 14.Nxf4 gxf4 15.Kh1 Kh8
16.Rg1 Rg8 17.Bd2 Qf6 18.Bc3 Nc6 19.Bxe5 dxe5 20.b4 b6 21.bxc5 bxc5 22.Rd1 Bb7
23.Qc3 Qe7 24.Rd2 Rad8 25.Rxd8 Rxd8 26.Rd1 Rxd1+ 27.Bxd1 Qd6 28.Be2 Kg7 29.Kg2 Nb4
30.a3 Nxc2 31.Qxc2 Qd4 32.Qd3 Kf6 33.Qxd4 exd4 34.h4 Ke5 35.Bd3 h6 36.Kf2 Bc6
37.Ke2 Bd7 38.Bc2 f6 39.h5 Bc6 40.Bd1 Be8 41.Kd3 Bd7 42.Ke2 Bc6 43.Kd3 Kd6
44.Ke2 Be8 45.Kd2 Bd7 46.Ke2 Be6 47.Kd3 Ke5 48.Be2 Kd6 49.Bd1 Kc7 50.Be2 Bd7
51.Bd1 Be8 52.Ke2 Bf7 53.Kd3 Kd6 54.Be2 Kc6 55.Bd1 Bg8 56.Be2 Kd6 57.Bd1 Be6
58.Be2 Ke5 59.Bd1 Bd7 60.Ke2 Be8 61.Kd3 Ke6 62.Ke2 Bf7 63.Kd3 Bg8 64.Be2 Bh7
65.Bd1 Ke5 66.Be2 Bg8 67.Bd1 Bf7 68.Be2 Be6 69.Bd1 Bd7 70.Ke2 Bc8 71.Kd3 Ba6
72.Be2 Bb7 73.Bd1 Ba8 74.Be2 Bb7 75.Bd1 Bc6 76.Ke2 Ke6 77.Kd3 Ke7 78.Ke2 Bd7
79.Kd3 Be6 80.Be2 Kf7 81.Bd1 Bd7 82.Ke2 Ke7 83.Kd3 Kd6 84.Ke2 Be8 85.Kd2 Bf7
86.Kd3 Kc6 87.Be2 Be8 88.Bd1 Kc7 89.Ke2 a6 90.Kd3 Bf7 91.Be2 Kd6 92.Bd1 Be8
93.Ke2 Bd7 94.Kd3 Ke5 95.Ke2 Be8 96.Kd3 Ke6 97.Ke2 Bf7 98.Kd3 Ke7 99.Be2 Be6
100.Bd1 Bd7 101.Ke2 Kd6 102.Kd3 Be8 103.Ke2 Bf7 104.Kd3 Ke5 105.Be2 Be8 106.Bd1  1/2-1/2

[Event "Philadelphia World op"]
[Site "Philadelphia"]
[Date "1991.??.??"]
[Round "4"]
[White "Olafsson, Helgi"]
[Black "Zlochevskij, Alexander"]
[Result "1-0"]
[WhiteElo "2525"]
[BlackElo "2440"]

1.d4 Nf6 2.c4 g6 3.Nc3 Bg7 4.e4 O-O 5.Nf3 d6 6.Be2 e5 7.dxe5 dxe5 8.Qxd8 Rxd8
9.Bg5 c6 10.Nxe5 Re8 11.O-O-O Na6 12.Rd6 Nh5 13.Nd3 h6 14.Be3 Bf8 15.Rd4 c5
16.Rd5 Nf6 17.Re5 Be6 18.Nf4 Nd7 19.Rxe6 fxe6 20.Nxg6 Bg7 21.Nb5 Kh7 22.Nf4 Re7
23.Rd1 Nf8 24.Bg4 b6 25.Nh5 Nb4 26.a3 Nc6 27.f4 a6 28.Nd6 Bd4 29.Bxd4 Nxd4
30.e5 Nd7 31.Kd2 b5 32.Ke3 Rb8 33.cxb5 axb5 34.Ke4 b4 35.a4 b3 36.Nb5 Nxb5
37.axb5 c4 38.Kd4 Rxb5 39.Kxc4 Rc5+ 40.Kb4 Kg6 41.Rxd7 Rxd7 42.Kxc5 Rd2 43.Bf3 Rxb2
44.Kb4 Kf5 45.Kc3 Rc2+ 46.Kxb3 Rc7 47.g4+ Kg6 48.Be4+ Kf7 49.Bc2 Rc8 50.Ng3 Rg8
51.h3 Rc8 52.Ne2 Ke7 53.Bd3 Ra8 54.Kb2 Ra5 55.Bc4 Ra4 56.Kc3 Ra3+ 57.Bb3 Ra1
58.Nd4 Rh1 59.Bxe6 Rxh3+ 60.Kc4 h5 61.gxh5 Rxh5 62.f5  1-0

[Event "Philadelphia World op"]
[Site "Philadelphia"]
[Date "1991.??.??"]
[Round "4"]
[White "Fishbein, Alexander"]
[Black "Dolmatov, Sergey"]
[Result "1/2-1/2"]
[WhiteElo "2460"]
[BlackElo "2605"]

1.Nf3 Nf6 2.c4 g6 3.Nc3 Bg7 4.e4 d6 5.d4 O-O 6.Be2 e5 7.d5 Na6 8.Bg5 h6 9.Bh4 g5
10.Bg3 Nh5 11.h4 Nxg3 12.fxg3 gxh4 13.Nxh4 Qg5 14.g4 Bf6 15.Qd2 Qxd2+ 16.Kxd2 Kg7
17.Nf5+ Bxf5 18.gxf5 Bg5+ 19.Kc2 Nb4+ 20.Kb3 a5 21.a3 Na6 22.Kc2 Kf6 23.Rab1 c6
24.dxc6 bxc6 25.b4 axb4 26.axb4 Rfc8 27.Rhd1 Ke7 28.f6+ Kxf6 29.Rxd6+ Kg7
30.c5 Be7 31.Rd7 Rc7 32.Bg4 Raa7 33.Rxc7 Nxc7 34.Kb3 Ne6 35.Bxe6 fxe6 36.Rd1 h5
37.Na4 Kg6 38.Nb6 Kg5 39.Nc4 Kf4 40.Rf1+ Kg3 41.Ne3 Bg5 42.Rf3+ Kh2 43.Rh3+ Kg1
44.Nc4 Rh7 45.Nxe5 Kxg2 46.Rc3 Rc7 47.Kc4 Bf6 48.Rc2+ Kg3 49.Nxc6 Rxc6 50.b5 Rc8
51.b6 h4  1/2-1/2

[Event "Philadelphia World op"]
[Site "Philadelphia"]
[Date "1991.??.??"]
[Round "6"]
[White "Giorgadze, Giorgi"]
[Black "Rogers, Norman"]
[Result "1-0"]
[WhiteElo "2515"]
[BlackElo "2325"]

1.d4 Nf6 2.c4 g6 3.Nc3 Bg7 4.e4 d6 5.Nf3 O-O 6.Be2 Nbd7 7.O-O e5 8.Be3 c6
9.d5 c5 10.Ne1 Ne8 11.Nd3 f5 12.f3 Bf6 13.Kh1 f4 14.Bg1 Bh4 15.Bf2 Ng7 16.g3 fxg3
17.hxg3 Bg5 18.Kg2 Nh5 19.Rh1 Rf7 20.b4 b6 21.Nb5 Be7 22.Rb1 a6 23.Nc3 a5
24.bxc5 bxc5 25.Nb5 Nb6 26.Qc2 Bf8 27.Be3 Bd7 28.Nf2 Be7 29.Qc1 Nc8 30.Nc3 Nb6
31.Nh3 Nc8 32.Ng5 Rf8 33.Rb7 Na7 34.Ne6 Bxe6 35.dxe6 Nc6 36.Nd5 Ng7 37.Nxe7+ Nxe7
38.Bg5 Re8 39.Rd7 Qc8 40.Rxe7 Rxe7 41.Bxe7 Qxe6 42.Bg5 Rb8 43.Qc2 Qd7 44.Rb1 Re8
45.Qd2 Ne6 46.Be3 Nd4 47.Bxd4 exd4 48.Qxa5  1-0

[Event "Philadelphia World op"]
[Site "Philadelphia"]
[Date "1991.??.??"]
[Round "8"]
[White "Giorgadze, Giorgi"]
[Black "Remlinger, Larry"]
[Result "1-0"]
[WhiteElo "2515"]
[BlackElo "2370"]

1.d4 Nf6 2.c4 g6 3.Nc3 Bg7 4.e4 d6 5.Nf3 O-O 6.Be2 e5 7.Be3 exd4 8.Nxd4 Re8
9.f3 c6 10.Bf2 Nbd7 11.O-O a6 12.Qd2 d5 13.exd5 cxd5 14.cxd5 Nb6 15.Rad1 Nbxd5
16.Bc4 Nxc3 17.Qxc3 Qc7 18.a4 Nh5 19.Rfe1 Bf5 20.Qb3 Bxd4 21.Bxd4 Nf4 22.Bb6 Rxe1+
23.Rxe1 Qd7 24.g3 Nh3+ 25.Kg2 Rc8 26.Be3 h5 27.a5 Kg7 28.Re2 Kg8 29.Bd5 Rc7
30.Bb6 Rc8 31.Bd4 Ng5 32.Qxb7 Be6 33.Qxd7 Bxd7 34.Bc3 Bb5 35.Re5 Nh7 36.Re7 Rf8
37.h4  1-0